000 00608nam a22001817a 4500
003 UA-OsUOA
001 17460
007 ta
008 20040304b un ||||| |||| 00| 0 ukr d
100 _aЛимич А.
942 _cSA
040 _aUA-OsUOA
_cUA-OsUOA
_dUA-OsUOA
245 _aТаємниці тибету [знає рівнянин, лікар вищої категорії нетрадиц. медицинии А. Лимич]
300 _aС.12
955 _a0
773 0 _w0
_tРівненська газета
_dРівне
_d2004
_g№1/20 лют./
650 7 _aКраєзнавча робота
_2UDC
999 _c303628
_d303628